ADVANCED INORGANIC CHEMISTRY (Record no. 9321)

MARC details
000 -LEADER
fixed length control field 00600nam a22001577a 4500
003 - CONTROL NUMBER IDENTIFIER
control field SGT
020 ## - INTERNATIONAL STANDARD BOOK NUMBER
International Standard Book Number 9788121902632
082 ## - DEWEY DECIMAL CLASSIFICATION NUMBER
Classification number 546,PRA
100 ## - MAIN ENTRY--PERSONAL NAME
Personal name PRAKASH,SATYA
245 ## - TITLE STATEMENT
Title ADVANCED INORGANIC CHEMISTRY
260 ## - PUBLICATION, DISTRIBUTION, ETC. (IMPRINT)
Place of publication, distribution, etc NEW DELHI
Name of publisher, distributor, etc S.CHAND
Year of Publication 2016
300 ## - PAGE DESCRIPTION
No. of Pages 1391
650 ## - SUBJECT ADDED ENTRY--TOPICAL TERM
Topical term or geographic name as entry element INORGANIC CHEMISTRY
653 ## - KEYWORDS--INDEX TERM
Keyword term PART 1: BASIC PRINCIPLES OF CHEMISTRY 2. QUANTUM MECHANICAL CONCEPTS OF ATOMIC STRUCTURE: RUTHERFORD’S AND BOHR’S ATOMIC MODELS 3. WAVE MECHANICA 4. CONCEPT OF ATOMIC STRUCTURE 5. PERIODIC TABLE 6. ELECTRONIC CONFIGURATION OF ELEMENTS 7.ATOMIC PROPERTIES:
942 ## - ADDED ENTRY ELEMENTS (KOHA)
Source of classification or shelving scheme Dewey Decimal Classification
Koha item type FPS Books
942 ## - ADDED ENTRY ELEMENTS (KOHA)
-- 1
Holdings
Withdrawn status Lost status Source of classification or shelving scheme Damaged status Not for loan Collection code Home library Current library Shelving location Date acquired Vendor Name Cost, normal purchase price SGTU Bill Number Full call number Accession No. (Barcode) Date last seen Bill Date Koha item type Total Checkouts Date last borrowed
    Dewey Decimal Classification   Not For Loan SCIENCE SGT Science & Social Sciences Library SGT Science & Social Sciences Library Reference Book 29/06/2016 AHUJA PRAKASHAN 795.00 SGTU 6884 546,PRA PS1805 29/06/2016 21/04/2016 FPS Books    
    Dewey Decimal Classification     SCIENCE SGT Science & Social Sciences Library SGT Science & Social Sciences Library Text Book 29/06/2016 AHUJA PRAKASHAN 795.00 SGTU 6884 546,PRA PS1806 29/06/2022 21/04/2016 FPS Books 2 01/06/2022
    Dewey Decimal Classification     SCIENCE SGT Science & Social Sciences Library SGT Science & Social Sciences Library Text Book 29/06/2016 AHUJA PRAKASHAN 795.00 SGTU 6884 546,PRA PS1807 02/03/2021 21/04/2016 FPS Books 6 23/02/2021
    Dewey Decimal Classification     SCIENCE SGT Science & Social Sciences Library SGT Science & Social Sciences Library Text Book 29/06/2016 AHUJA PRAKASHAN 795.00 SGTU 6884 546,PRA PS1808 05/04/2021 21/04/2016 FPS Books 3 19/03/2021
    Dewey Decimal Classification     SCIENCE SGT Science & Social Sciences Library SGT Science & Social Sciences Library Text Book 29/06/2016 AHUJA PRAKASHAN 795.00 SGTU 6884 546,PRA PS1809 08/03/2021 21/04/2016 FPS Books 9 23/02/2021